| 000 | 02601nam a22003257a 4500 | ||
|---|---|---|---|
| 001 | TZ 0042 | ||
| 003 | gtcocun | ||
| 005 | 20251008184802.0 | ||
| 006 | a||||gr|||| 00| 0 | ||
| 007 | ta | ||
| 008 | 251008b2011 gt ||||| m||| 00| 0 eng d | ||
| 040 |
_agtcocun _bSPA _cgtcocun _eRDA |
||
| 041 | _aSPA TZ 0042 | ||
| 084 | _0TZ 0042 | ||
| 100 |
_aSierra González, Mario Alexander _eAutor |
||
| 245 |
_aINFORME FINAL DEL EJERCICIO PROFESIONAL SUPERVISADO, REALIZADO EN LA SUBDIVISIÓN DE ASESORÍA TÉCNICA Y DE COMERCIALIZACIÓN DE ALIMENTOS PARA ANIMALES, S.A. PARA LOS DEPARTAMENTOS DE ALTA VERAPAZ, BAJA VERAPAZ Y EL PETÉN. _cMario Alexander Sierra González. _hImpreso |
||
| 264 |
_aCobán, Alta Verapaz: _bUniversidad de San Carlos de Guatemala, Centro Universitario del Norte, Zootecnia _c2011 |
||
| 300 |
_a74 p.: _bIlustraciones, gráficas. _c28 cm; |
||
| 336 |
_2rdacontenido _aTexto _btxt |
||
| 337 |
_2rdamedio _aComputadora _bn |
||
| 338 |
_2rdasoporte _aCódigo en línea _bcr |
||
| 502 | _eTZ 0042 | ||
| 502 |
_aTesis de grado _bZootecnia, _cUniversidad de San Carlos de Guatemala, Centro Universitario del Norte, Zootecnia _d2011 _oTZ 0042 |
||
| 520 | 1 | 4 | _aLa unidad de ejecución asignada para el ejercicio profesional supervisado fue la subdivisión de asesoría técnica y de comercialización,de la empresa Alimentos para Animales S.A., en los departamentos de Alta Verapaz, Baja Verapaz y Petén. Dentro de las actividades desarrolladas se realizaron cinco charlas técnicas sobre el manejo de aves de engorde, 89 visitas técnicas a diferentes unidades productivas, tres talleres teórico-prácticos de manejo dirigidos a personal y propietarios de granjas, implementación de medidas básicas de bioseguridad en dos explotaciones y registros productivos en 13 granjas de pollo de engorde, dos jornadas de vacunación, un estudio de mercado en el municipio de San Pedro Carchá, Alta Verapaz, dos despiques de aves de postura y castración de un verraco. Además de la evaluación del efecto de un alimento concentrado pre- iniciador en los parámetros productivos del pollo de engorde (Gallusgallus) y se obtuvo una conversión alimenticia de 1.94. |
| 650 |
_2LEMB _aAlta Verapaz y Baja Verapaz y el Petén. _xZootecnia _xGranjas _xComercialización _xAsesoría Técnica _xVacunación _xCastración |
||
| 700 |
_aLic. Zoot. Mauricio Arturo Quiroa Roldan _eAsesor |
||
| 856 |
_uhttps://drive.google.com/file/d/1dC-WKzik07H7BqJSa6OkDDbkgZ7JJmXX/view _yPDF _zUn ejemplar en línea. |
||
| 942 |
_2ddc _cTES _iTZ 0042 _kClasificación _n0 _6TZ_0042_000000000000000 |
||
| 999 |
_c2297 _d2297 |
||